| 000 | 00777nam a22002177a 4500 | ||
|---|---|---|---|
| 005 | 20241014105338.0 | ||
| 008 | 230710b ||||| |||| 00| 0 eng d | ||
| 040 | _cAL | ||
| 041 | _aMalayalam | ||
| 082 |
_223 _a894.8123 _bMOHD |
||
| 100 |
_aN P Mohammed: _9182202 |
||
| 100 |
_aഎൻ പി മുഹമ്മദ് _9182203 |
||
| 245 |
_aDaivathinte Kannu _bദൈവത്തിന്റെ കണ്ണ് |
||
| 260 |
_aThrissur _bCurrent Books _c1993 |
||
| 300 |
_a123p. _bPB _c21x13cm. |
||
| 365 | _2Malayalam | ||
| 650 |
_aMalayalam Fiction: മലയാളം ഫിക്ഷൻ _9126272 |
||
| 650 |
_aMalayalam Novel: മലയാളം നോവൽ _9126273 |
||
| 700 |
_aMOHAMMED (N P): മുഹമ്മദ് (എൻ പി) _9126274 |
||
| 942 |
_2ddc _cDB |
||
| 999 |
_c227793 _d227793 |
||